000 00811nam a22002057a 4500
008 130820t mx||||| |||| 00| 0spa d
020 _a968167378
050 0 4 _aH61
_bG57 2004
100 1 _aGiroux, Sylvain
245 1 0 _aMetodología de las ciencias humanas :
_bLa investigación en acción
_cSylvain Giroux, Ginette Tremblay ; tr. Beatriz âAlvarez Klein.
260 _aMéxico :
_bFondo de Cultura Económica,
_c2004
300 _a280 p.
_b1ls. ;
_c27 cm.
440 0 _aSección de obras de educación y pedagogía
500 _aTraducción de: Méthodologie des sciences humaines : le recherche en action.
504 _aIncluye glosario e índice
650 4 _aMetodología
_xCiencias sociales
700 1 _aTremblay, Ginette, coaut.
700 1 _aAlvarez Klein, Beatriz Eugenia, tr.
942 _2ddc
_cLIB
999 _c40163
_d40163